00490 a2200169 450000100060000002000180000604000370002410000230006124000350008424500300011930000090014936200090015865000240016794200070019195201050019899900170030376078 a9788541110242 cAnchieta - Colégio São Paulo aMagalhães, Aline10aDeco, coração de ourolpor10aDeco, coração de ouro a[32]0 a2015 4aLiteratura infantil cBK 00104070a88.1b88.1d2023-11-22l0oLI 028.5 M188dp8294/CSPr2023-11-22 14:33:49w2023-11-22yBK c76078d76078